000 00370nam a2200121Ia 4500
008 151001s9999||||xx |||||||||||||| ||und||
100 _aवैशाली चिटणीस
245 _aविस्मरणात गेलेले खेळ
250 _a1
260 _bजयदीप प्रकाशन पुणे
300 _a31
365 _b21
999 _c983132
_d983129